| 000 | 01966nam0a2200433 4500 | ||
|---|---|---|---|
| 001 | RU\NLR\BIBL_A\022714961 | ||
| 005 | 20260403133740.0 | ||
| 010 |
_a978-5-17-180265-3 _92000 |
||
| 021 |
_aRU _bКН-П-25-073799 _9КН-П-25-7150 |
||
| 035 | _a(NLR Aleph) 022714961 | ||
| 090 |
_a13650021 _c13650021 |
||
| 100 | _a20260202d2025 a y0rusy50 ca | ||
| 101 | 0 | _arus | |
| 102 | _aRU | ||
| 105 | _ay|||z|||000zy | ||
| 181 | 0 |
_ai4 _baxxe |
|
| 182 | 0 | _an | |
| 200 | 1 |
_aОтец _eкак воспитать чемпионов в спорте, бизнесе и жизни _fАбдулманап Нурмагомедов, Игорь Рыбаков |
|
| 203 |
_aТекст _bвизуальный _cнепосредственный |
||
| 210 |
_aМосква _cАСТ, Времена _d2025 |
||
| 215 |
_a254, [1] с. _d18 |
||
| 225 | 1 |
_aЭксклюзив _enon-fiction |
|
| 225 | 1 | _aNon Fiction | |
| 333 | _a16+ | ||
| 600 | 1 |
_aНурмагомедов _bА. М. _gАбдулманап Магомедович _f1962 _2nlr_sh2 _3RU\NLR\AUTH\6601669799 |
|
| 600 | 1 |
_aНурмагомедов _bХ. А. _gХабиб Абдулманапович _f1988 _2nlr_sh2 _3RU\NLR\AUTH\6601647986 |
|
| 606 | 1 |
_aУспех _xСоциально-психологические исследования _2nlr_sh1 _2nlr_sh2 _3RU\NLR\AUTH\661249276 |
|
| 606 | 1 |
_aСпортивная тренировка _xРоль тренера _2nlr_sh1 _2nlr_sh2 _3RU\NLR\AUTH\661116978 |
|
| 686 | 1 | _aС550.354 | |
| 686 | 1 | _aЮ943 | |
| 686 | 1 | _aЧ511.58 | |
| 686 | 1 | _aЧ517.15/16.3(2)7-8Нурмагомедов А.М. | |
| 686 | 1 | _aЧ517.153(2Р)7-8Нурмагомедов | |
| 700 | 1 |
_aНурмагомедов _bА. М. _f1962- _gАбдулманап Магомедович |
|
| 701 | 1 |
_aРыбаков _bИ. В. _f1972- _gИгорь Владимирович |
|
| 942 | _cBOOK | ||
| 980 | _aNB | ||